Villes françaises et inventions - Statistiques

Statistiques générales
  • Ce quiz a été pris 42 fois
  • Le résultat moyen est 5 sur 15
Statistiques - réponses
Question Réponse % Correct
Le pneu démontable Clermont-Ferrand
92%
Le cinématographe Lyon
74%
Le vélo en acier tubulaire Saint-Étienne
62%
Le système métrique Paris
49%
La photographie Chalon-sur-Saône
31%
La pompe à essence Rouen
31%
Le vaccin contre la rage Paris
28%
La boîte de conserve Châlons-en-Champagne
21%
Le stétoscope Nantes
21%
Le parachute Paris
15%
La machine à tricoter mécanique Angers
10%
Le casque de moto moderne Bayonne
10%
Le béton armé Marseille
10%
La canette en aluminium Saint-Jean-de-Luz
10%
Le téléski L'Alpe d'Huez
3%
Aucun quiz correspondant
Distribution des résultats
% des personnes avec chaque résultat
Percentile par nombre de réponses
Votre historique - résultats
Vous n’avez pas pris ce quiz